Bruce Willis Movies - Sudden Death - Statistics

General Stats
  • This quiz has been taken 1,165 times
  • The average score is 4 of 23
Answers on the Grid
Answers color-coded by a green-red scale on the quiz's grid according to % correct below.
Hudson Hawk
North
Once Upon a Time in Venice
The Lego Movie 2: The Second Part
The Whole Nine Yards
The Whole Ten Yards
The Whole Eleven Yards
Look Who's Talking
Look Who's Talking Too
Billy Bathgate
The Last Boy Scout
Look Who's Talking Too Much
Look Who's Talking Too Much for His Own Good
The Player
Death Becomes Her
Pulp Fiction
Reservoir Dogs
Four Rooms
Jackie Brown
The Jackal
The Fifth Element
Mercury Rising
Armageddon
Breakfast of Champions
The Story of Us
A Few Good Men
The American President
Lethal Weapon
Ghosts of Mississippi
Ghost
G.I. Jane
White Squall
Unbreakable
Split
Glass
The Transporter
The Expendables 3
The Expendables 4
Detective Assassin
Moonlighting
Misery
Contact
 
Answer Stats
Answer % Correct
The Fifth Element
48%
Armageddon
46%
Pulp Fiction
43%
Unbreakable
31%
The Last Boy Scout
26%
Look Who's Talking Too
25%
Hudson Hawk
24%
Look Who's Talking
23%
Death Becomes Her
22%
Glass
22%
The Jackal
21%
The Whole Nine Yards
20%
Mercury Rising
16%
The Whole Ten Yards
16%
Split
14%
North
4%
The Lego Movie 2: The Second Part
4%
Billy Bathgate
3%
Breakfast of Champions
3%
Four Rooms
3%
Once Upon a Time in Venice
3%
The Player
3%
The Story of Us
2%
No matching quizzes found
Score Distribution
Percent of People with Each Score
Percentile by Number Answered
Your Score History
You have not taken this quiz